000 00297nam a22001337a 4500
020 _a0-394-80601-8
082 _a823
_bFAR/B
100 _aFARLEY, WALTER
245 _aTHE BLACK STALLION
260 _aNEW YORK
_bRANDOM HOUSE
_c1969
300 _a174
650 _aNOVEL
_zUNITED STATES
942 _cBK
999 _c3176
_d3176